000 00491nam a2200193Ia 4500
003 GCL
008 140319s9999 xx 000 0 eng d
040 _aGCL /
_cGCL
082 0 4 _a843
_bS A
100 1 _aSARRAZIN, ALBERTINE
245 1 0 _aL'ASTRAGALE : ROMAN /
_cSARRAZIN, ALBERTINE
260 _a[S.N] :
_bJEAN-JACQUES BRUNET ،
_c1965
300 _a192 P
650 0 4 _aLITERATURE
650 0 4 _aFICTION
650 0 4 _aFRENCH FICTION
650 0 4 _aFRENCH LITERATURE
942 _2ddc
_cBK
999 _c20023
_d20023